[Event "FSGM August"]
[Site "Budapest HUN"]
[Date "2009.08.01"]
[Round "1"]
[White "Rapport,R"]
[Black "Tzermiadianos,An"]
[Result "1-0"]
[WhiteElo "2401"]
[BlackElo "2447"]

1.Nf3 d5 2.c4 e6 3.d4 c6 4.e3 Nf6 5.Nc3 Nbd7 6.Bd3 dxc4 7.Bxc4 b5 8.Bd3 Bd6
9.Bd2 Bb7 10.Rc1 a6 11.Ne4 Nxe4 12.Bxe4 Rc8 13.b4 Nf6 14.Bb1 a5 15.bxa5 Ba3
16.Rc3 Bb4 17.Rc2 Qxa5 18.O-O O-O 19.Bxb4 Qxb4 20.Ne5 Qd6 21.Rc5 Nd5 22.Qd3 g6
23.Rfc1 Rc7 24.Qd2 f6 25.Nf3 Nb6 26.Bd3 Na4 27.R5c2 Rfc8 28.e4 Kg7 29.e5 fxe5
30.Nxe5 Qxd4 31.Qg5 Rd8 32.Re2 Nc3 33.Ree1 Rf8 34.Nxg6 Qf6 35.Nxf8+  1-0

[Event "Open"]
[Site "Stara Pazova SRB"]
[Date "2009.08.01"]
[Round "9"]
[White "Ilincic,Z"]
[Black "Kosic,D"]
[Result "1/2-1/2"]
[WhiteElo "2479"]
[BlackElo "2488"]

1.d4 d5 2.c4 e6 3.Nc3 c6 4.e3 Nf6 5.Nf3 Nbd7 6.Qc2 Bd6 7.Bd3 O-O 8.O-O dxc4
9.Bxc4 a6 10.a4 c5 11.dxc5 Bxc5 12.b3 Qc7 13.Bb2 Bd6 14.Rac1 Ne5 15.Nxe5 Bxe5
16.h3  1/2-1/2

[Event "Arctic Chess Challenge"]
[Site "Tromso NOR"]
[Date "2009.08.01"]
[Round "1"]
[White "Malakhatko,V"]
[Black "Amberger,D"]
[Result "1-0"]
[WhiteElo "2570"]
[BlackElo "2057"]

1.d4 d5 2.c4 c6 3.Nc3 Nf6 4.e3 e6 5.Nf3 Nbd7 6.Bd3 dxc4 7.Bxc4 b5 8.Bd3 a6
9.a4 b4 10.Ne4 c5 11.Nxf6+ Nxf6 12.dxc5 Bxc5 13.Qe2 O-O 14.O-O Bb7 15.e4 h6
16.Bf4 Qe7 17.Rac1 Rfd8 18.e5 Nd5 19.Bg3 Nb6 20.a5 Nd7 21.Be4 Bxe4 22.Qxe4 Rac8
23.Bh4 g5 24.Bg3 h5 25.h4 g4 26.Ng5 Nf8 27.Qe2 Qb7 28.Ne4 Be7 29.Nd6 Bxd6
30.exd6 Qd5 31.Rc7 Qxa5 32.Rfc1 Rxc7 33.dxc7 Rc8 34.Qd2 Kg7 35.Qd6 Qd5 36.Qxa6 Qd7
37.Kh2 f6 38.Rd1  1-0

[Event "XXXV Open"]
[Site "Badalona ESP"]
[Date "2009.08.02"]
[Round "2"]
[White "Ipatov,A ESP"]
[Black "Deshpande,Ani"]
[Result "1-0"]
[WhiteElo "2454"]
[BlackElo "2211"]

1.d4 d5 2.c4 c6 3.Nf3 Nf6 4.e3 e6 5.Nc3 Nbd7 6.Qc2 Bd6 7.b3 O-O 8.Be2 e5
9.cxd5 Nxd5 10.Nxd5 cxd5 11.dxe5 Nxe5 12.Bb2 Bb4+ 13.Kf1 Nxf3 14.Bxf3 Be6
15.Qd3 Be7 16.Ke2 Bf6 17.Bxf6 Qxf6 18.Qd4 Qxd4 19.exd4 Rfe8 20.Kd2 Kf8 21.Rhe1 Rac8
22.Rac1 Rc6 23.Rxc6 bxc6 24.Rc1 Rc8 25.Rc5 Ke7 26.Ra5 Rc7 27.b4 Kd6 28.Bd1 Bc8
29.Bc2 h6 30.f3 Rb7 31.a3 Re7 32.Bd3 Rc7 33.Ke3 Re7+ 34.Kf2 Rc7 35.g4 Re7
36.Rc5 Rc7 37.h4 Re7 38.Ra5 Rc7 39.Kg3 Re7 40.Kf4 g6 41.Ba6 Bd7 42.Bf1 Bc8
43.Bd3 Be6 44.b5 Rb7 45.Ra6 Bd7 46.a4 Rc7 47.bxc6 Bc8 48.Ra5 f5 49.g5 h5
50.Rc5 Be6 51.Ba6 Bf7 52.Bb7 Be8 53.Ra5 Bxc6 54.Bxc6 Rxc6 55.Rxa7 Ke6 56.Rg7  1-0

[Event "ch-AUT"]
[Site "Jenbach AUT"]
[Date "2009.08.02"]
[Round "9"]
[White "Pirchner,H"]
[Black "Saxer,Be"]
[Result "1-0"]
[WhiteElo "2007"]
[BlackElo "2014"]

1.d4 Nf6 2.c4 e6 3.Nc3 d5 4.Nf3 c6 5.e3 dxc4 6.Bxc4 b5 7.Bd3 Bb7 8.e4 a6
9.O-O c5 10.dxc5 Bxc5 11.Qe2 Nbd7 12.a3 b4 13.Na4 bxa3 14.bxa3 Qa5 15.Nxc5 Nxc5
16.Bd2 Qd8 17.e5 Qxd3 18.Qxd3 Nxd3 19.exf6 gxf6 20.Ne1 Rg8 21.g3 Ne5 22.f4 Nd7
23.Nd3 a5 24.Rfc1 h5 25.Rc7 Ba6 26.Nc5 Nxc5 27.Rxc5 h4 28.Kf2 hxg3+ 29.hxg3 Rd8
30.Bxa5 Rd3 31.Rb1 Rgxg3 32.Rb8+  1-0

[Event "ch-AUT"]
[Site "Jenbach AUT"]
[Date "2009.08.02"]
[Round "9"]
[White "Baumegger,S"]
[Black "Diermair,A"]
[Result "1-0"]
[WhiteElo "2455"]
[BlackElo "2361"]

1.c4 c6 2.Nc3 d5 3.e3 Nf6 4.Nf3 e6 5.d4 Nbd7 6.Bd3 dxc4 7.Bxc4 b5 8.Bd3 Bb7
9.O-O a6 10.a4 b4 11.Nb1 c5 12.Nbd2 cxd4 13.exd4 Be7 14.Qe2 O-O 15.Nc4 a5
16.Bf4 Nb6 17.Nce5 Qd5 18.Rfc1 Rac8 19.Bb5 Ne4 20.Qd3 Rfd8 21.h3 Nd6 22.Ba6 f6
23.Bxb7 Qxb7 24.Ng4 Qd5 25.Ne3 Qb7 26.Bxd6 Bxd6 27.Qb5 Qa7 28.d5 exd5 29.Nxd5 Nd7
30.Rxc8 Rxc8 31.Rd1 Ne5 32.Nxe5 Bxe5 33.Nb6 Rb8 34.Qd5+ Qf7 35.Nc4 Rc8 36.b3 Bc7
37.g3 g6 38.Qxf7+ Kxf7 39.Rd7+ Ke6 40.Rxh7 Kd5 41.Rd7+ Ke4 42.Kg2 Be5 43.f3+ Kf5
44.Re7 Rxc4 45.bxc4 b3 46.Rb7 b2 47.Kf2 Bc3 48.Rb3  1-0

[Event "16th ORDIX Open"]
[Site "Mainz GER"]
[Date "2009.08.02"]
[Round "7"]
[White "Mamedyarov,S"]
[Black "Najer,E"]
[Result "1-0"]
[WhiteElo "2717"]
[BlackElo "2663"]

1.d4 d5 2.c4 c6 3.Nc3 Nf6 4.e3 e6 5.Nf3 Nbd7 6.Qc2 Bd6 7.g4 h6 8.h3 e5 9.Bd2 O-O
10.O-O-O Re8 11.g5 hxg5 12.Nxg5 exd4 13.exd4 Nf8 14.Rg1 b5 15.c5 Bc7 16.Bd3 a5
17.Rg2 b4 18.Ne2 Ba6 19.Rdg1 Bxd3 20.Nxf7 Ne6 21.Nh6+ Kh8 22.Nf7+ Kg8 23.Nxd8 Bxc2
24.Nxe6 Rxe6 25.Rxg7+ Kh8 26.Rxc7 Rxe2 27.Rxc6 Rxf2 28.Kxc2 Rg8 29.Rxg8+ Kxg8
30.Kd3 Ne4 31.Bc1 Rf1 32.Be3 Kf7 33.Rh6 Rd1+ 34.Kc2 Re1 35.Bf4 Re2+ 36.Kb3 a4+
37.Kxb4 Rxb2+ 38.Ka3 Rb5 39.Rb6 Nc3 40.Bd2 Nb1+ 41.Kxa4 Rxb6 42.cxb6 Nxd2
43.b7  1-0

[Event "16th ORDIX Open"]
[Site "Mainz GER"]
[Date "2009.08.02"]
[Round "9"]
[White "Mamedyarov,S"]
[Black "Malakhov,V"]
[Result "1-0"]
[WhiteElo "2717"]
[BlackElo "2707"]

1.d4 d5 2.c4 c6 3.Nc3 Nf6 4.e3 e6 5.Nf3 Nbd7 6.Qc2 Bd6 7.g4 Nxg4 8.Rg1 f5
9.h3 Ngf6 10.Rxg7 Ne4 11.Bd3 Qf6 12.Rg2 Nf8 13.Bd2 Bd7 14.O-O-O Ng6 15.Kb1 O-O-O
16.cxd5 Nxc3+ 17.Bxc3 exd5 18.Rdg1 Kb8 19.Rg5 Rdf8 20.h4 Bc8 21.a3 Rhg8 22.Ne5 Ne7
23.f4 h6 24.Rxg8 Rxg8 25.Rxg8 Nxg8 26.Qg2 Ne7 27.h5 Be6 28.Be1 Nc8 29.Qg8 Bxg8
30.Nd7+ Ka8 31.Nxf6 Be6 32.Ne8 Bf7 33.Bxf5 Bxe8 34.Bxc8 Bxh5 35.Kc2 Kb8 36.Be6 Kc7
37.Bh4 Bf3 38.f5 Bg4 39.Kd3 c5 40.dxc5 Bxc5 41.e4 dxe4+ 42.Kxe4 Bf8 43.Ke5 b5
44.f6 Bd6+ 45.Kd5 Bf3+ 46.Kd4 Kc6 47.f7 Bh5 48.b4 a5 49.Bd5+ Kd7 50.bxa5 Bxa3
51.a6 Bxf7  1-0

[Event "16th ORDIX Open"]
[Site "Mainz GER"]
[Date "2009.08.02"]
[Round "11"]
[White "Moiseenko,A1"]
[Black "Potkin,V"]
[Result "1-0"]
[WhiteElo "2682"]
[BlackElo "2619"]

1.d4 d5 2.c4 c6 3.Nc3 Nf6 4.Nf3 e6 5.e3 Nbd7 6.Bd3 dxc4 7.Bxc4 b5 8.Bd3 Bd6
9.O-O O-O 10.a3 Bb7 11.Qc2 Qe7 12.e4 e5 13.Ne2 Rfe8 14.Ng3 g6 15.Bg5 a6 16.b4 a5
17.Rab1 axb4 18.axb4 Ra4 19.Kh1 Rxb4 20.dxe5 Rxb1 21.Qxb1 Bxe5 22.Nxe5 Qxe5
23.Bc1 Nh5 24.Nxh5 Qxh5 25.Bb2 Ne5 26.f4 Nd7 27.Ba1 Qc5 28.Qb2 f6 29.Qb3+ Kg7
30.e5 f5 31.Bxf5 gxf5 32.e6+ Kf8 33.exd7 Rd8 34.Qb2 Rxd7 35.Qh8+ Kf7 36.Re1 Re7
37.Qxh7+ Kf8 38.Qh8+ Kf7 39.Qg7+ Ke8 40.Qg8+  1-0

[Event "Continental ch-Americas"]
[Site "Sao Paulo BRA"]
[Date "2009.08.02"]
[Round "10"]
[White "Flores,Di"]
[Black "Cori,J"]
[Result "1-0"]
[WhiteElo "2579"]
[BlackElo "2424"]

1.d4 d5 2.c4 c6 3.Nf3 Nf6 4.Nc3 e6 5.e3 Nbd7 6.Qc2 Bd6 7.b3 O-O 8.Bb2 b6
9.Be2 Bb7 10.O-O Re8 11.e4 dxe4 12.Nxe4 Nxe4 13.Qxe4 Qc7 14.Bd3 Nf8 15.Qe2 Rad8
16.Rad1 f6 17.Be4 c5 18.g3 a6 19.Rd2 Rd7 20.Rfd1 Red8 21.Bxb7 Qxb7 22.d5 exd5
23.Rxd5 Bb8 24.Nh4 Rxd5 25.cxd5 b5 26.Nf5 Qd7 27.Qf3 Bd6 28.Nxg7 Qxg7 29.Bxf6 Qd7
30.Bxd8 Qxd8 31.Re1 Kg7 32.Qg4+ Kf7 33.Re3 Ng6 34.Qh4 Ne7 35.Re6 Kg7  1-0

[Event "HZ Open"]
[Site "Vlissingen NED"]
[Date "2009.08.02"]
[Round "3"]
[White "Jonkheer,A"]
[Black "Hekhuis,J"]
[Result "0-1"]
[WhiteElo "1941"]
[BlackElo "2145"]

1.d4 d5 2.Nf3 Nf6 3.e3 e6 4.c4 c6 5.Nc3 a6 6.Be2 dxc4 7.Bxc4 b5 8.Bd3 Bb7
9.O-O c5 10.dxc5 Bxc5 11.Qe2 O-O 12.Rd1 Qb6 13.b3 Nc6 14.Bb2 Nb4 15.Bb1 Rfd8
16.a3 Rxd1+ 17.Nxd1 Nbd5 18.b4 Be7 19.Bd3 Qd8 20.Rc1 Nb6 21.Bd4 Nfd5 22.Qb2 Bf6
23.Qb1 h6 24.Nb2 Bxd4 25.Nxd4 Qg5 26.Nf3 Qf6 27.Nd1 Rd8 28.Be2 Na4 29.Qc2 Rc8
30.Qd2 Rxc1 31.Qxc1 Ndc3 32.Bd3 Nxd1 33.Qxd1 Nb2 34.Qc2 Nxd3 35.Qxd3 Qa1+
36.Qf1 Qxa3 37.Qb1 Be4 38.Qe1 Kf8 39.Ne5 Bd5 40.h3 a5 41.e4 Bb7 42.Qd1 Kg8
43.bxa5 Qxa5 44.Nxf7 Qc7 45.Nd6 b4 46.e5 Bd5 47.Kh2 b3 48.Qh5 b2 49.Qg6 Ba2
50.Qe8+ Kh7 51.Nf7 Qxf7 52.Qxf7 b1=Q 53.g4 Qe4 54.f4 Qe2+ 55.Kg3 Qe1+ 56.Kh2 Qf2+  0-1

[Event "HZ Open"]
[Site "Vlissingen NED"]
[Date "2009.08.02"]
[Round "3"]
[White "Rubio Mejia,L"]
[Black "Van Gool,H"]
[Result "1-0"]
[WhiteElo "2371"]
[BlackElo "2164"]

1.d4 d5 2.c4 e6 3.Nc3 c6 4.e3 Nf6 5.Nf3 Nbd7 6.Qc2 b6 7.Be2 Bb7 8.b3 Qc7
9.Bb2 Rd8 10.O-O Be7 11.e4 dxe4 12.Nxe4 c5 13.Nxf6+ Bxf6 14.Rad1 O-O 15.dxc5 Qxc5
16.h3 e5 17.Nh2 Qc6 18.Rd5 Qc7 19.Rdd1 e4 20.Bxf6 Nxf6 21.Rxd8 Rxd8 22.Rd1 Re8
23.Qd2 h5 24.Nf1 Qe5 25.Ne3 g6 26.Qc1 Kg7 27.Qa3 Ra8 28.b4 a5 29.b5 Rc8 30.Qd6 Qb2
31.Bf1 Qxa2 32.Qxb6 Ba8 33.Qd4 Qa3 34.Qa1 Qb4 35.Rb1 Qd2 36.Qa3 Bb7 37.c5 Nd5
38.c6 Bxc6 39.bxc6 Nxe3 40.Qxe3 Qxe3 41.fxe3 Rxc6 42.Rb5 Rc3 43.Kf2 a4 44.Rb4 Rc2+
45.Be2 a3 46.Rxe4 a2 47.Ra4 g5 48.Kf3 f5 49.Bd3 g4+ 50.Kg3 h4+ 51.Kxh4 Rxg2
52.Bxf5 gxh3 53.Kxh3 Re2 54.e4 Kf6 55.Kg3 Rb2 56.Kf4 Rf2+ 57.Ke3 Rb2 58.Ra6+ Ke7
59.Kd3 Kd8 60.Kc3 Rh2 61.Kb3 Kc7 62.Rxa2 Rh1 63.Rd2 Kc6 64.Kc4 Rc1+ 65.Kd4 Ra1
66.Ke5  1-0

[Event "110th US Open"]
[Site "Indianapolis USA"]
[Date "2009.08.03"]
[Round "3"]
[White "Young,S"]
[Black "Chen,H"]
[Result "0-1"]
[WhiteElo "1886"]
[BlackElo "2201"]

1.d4 d5 2.c4 e6 3.Nf3 Nf6 4.Nc3 c6 5.e3 Nbd7 6.Bd3 dxc4 7.Bxc4 b5 8.Be2 Bb7
9.a4 b4 10.Nb1 Be7 11.Nbd2 c5 12.O-O O-O 13.Nb3 Rc8 14.dxc5 Nxc5 15.Nbd4 Nfe4
16.Bd2 Nxd2 17.Qxd2 Qa5 18.Rfc1 Bf6 19.Rc4 Bxf3 20.Rxc5 Qxc5 21.Bxf3 Rfd8
22.Qe2 Bxd4 23.exd4 Qc1+ 24.Qf1 Qxf1+ 25.Kxf1 Rxd4 26.Bd1 a5 27.Ke1 g6 28.b3 Kg7
29.Ra2 Rc1 30.Rd2 Rxd2 31.Kxd2 Rc3  0-1

[Event "110th US Open"]
[Site "Indianapolis USA"]
[Date "2009.08.03"]
[Round "3"]
[White "Yermolinsky,A"]
[Black "Kelley,D"]
[Result "1-0"]
[WhiteElo "2527"]
[BlackElo "2150"]

1.Nf3 d5 2.c4 c6 3.d4 Nf6 4.Nc3 e6 5.e3 Nbd7 6.Qc2 Bd6 7.Be2 O-O 8.O-O dxc4
9.Bxc4 b5 10.Bd3 Bb7 11.Rd1 Qc7 12.h3 b4 13.Ne4 Nxe4 14.Bxe4 Nf6 15.Nd2 Rac8
16.a3 bxa3 17.b3 c5 18.Bxa3 Nxe4 19.Nxe4 Bxe4 20.Qxe4 Qe7 21.d5 exd5 22.Qxe7 Bxe7
23.Rxd5 Rc7 24.Rc1 Rfc8 25.Rc4 f6 26.f4 Kf7 27.Kf2 Ke6 28.e4 g6 29.g4 Bd6
30.f5+ Ke7 31.h4 Rc6 32.g5 gxf5 33.exf5 Kf7 34.Bb2 Be7 35.Rg4 c4 36.g6+ hxg6
37.fxg6+ Ke6 38.Ra5 f5 39.Rxc4 Rxc4 40.bxc4 Bxh4+ 41.Kf3 Rd8 42.Ra6+ Ke7
43.Rxa7+ Kf8 44.Rf7+ Kg8 45.Rh7  1-0

[Event "Centroamericano & Caribbean U20"]
[Site "Medellin COL"]
[Date "2009.08.04"]
[Round "9"]
[White "Martinez Romero,M"]
[Black "Narvaez,Z"]
[Result "1/2-1/2"]
[WhiteElo "2135"]
[BlackElo "2204"]

1.d4 d5 2.c4 c6 3.Nc3 Nf6 4.Nf3 e6 5.e3 Nbd7 6.Qc2 Bd6 7.g4 Bb4 8.Bd2 Nxg4
9.Rg1 Ndf6 10.h3 Nh6 11.O-O-O Bxc3 12.Bxc3 Ne4 13.Bd3 Nxc3 14.Qxc3 Qf6 15.Ne5 O-O
16.Qc2 Nf5 17.Qe2 Kh8 18.Rg2 c5 19.Rdg1 g6 20.Qg4 cxd4 21.exd4 dxc4 22.Bxf5 exf5
23.Qf4 Be6 24.Rxg6 fxg6 25.Nxg6+ Kg7 26.Ne5+ Kh8 27.Ng6+ Kg7 28.Ne5+ Kh8
29.Ng6+ Kg7 30.Ne5+  1/2-1/2

[Event "Arctic Chess Challenge"]
[Site "Tromso NOR"]
[Date "2009.08.04"]
[Round "4"]
[White "Drozdovskij,Y"]
[Black "Van den Bersselaar,J"]
[Result "1-0"]
[WhiteElo "2620"]
[BlackElo "2184"]

1.c4 e6 2.Nf3 d5 3.d4 Nf6 4.Nc3 c6 5.e3 Nbd7 6.Qc2 Bd6 7.b3 O-O 8.Be2 a6
9.Bb2 e5 10.cxd5 cxd5 11.dxe5 Nxe5 12.O-O Be6 13.Rad1 Rc8 14.Qb1 Qc7 15.g3 Rfd8
16.Rc1 Qe7 17.Nd4 Bb8 18.Rfd1 Nfg4 19.Nf5 Qf8 20.Nxd5 Rxd5 21.Rxc8 Rxd1+
22.Qxd1 Bxc8 23.Bxg4 Be6 24.Ba3 Qe8 25.Bh3 Kh8 26.Bb2 f6 27.e4 g6 28.Nd6 Bxd6
29.Qxd6 Nf3+ 30.Kh1  1-0

[Event "HZ Open"]
[Site "Vlissingen NED"]
[Date "2009.08.04"]
[Round "5"]
[White "Karthikeyan,P"]
[Black "Timmermans,I"]
[Result "1/2-1/2"]
[WhiteElo "1983"]
[BlackElo "2223"]

1.d4 d5 2.c4 c6 3.Nf3 Nf6 4.Nc3 e6 5.e3 Nbd7 6.Qc2 Bd6 7.Bd3 O-O 8.O-O dxc4
9.Bxc4 Qe7 10.Ne2 e5 11.Ng3 g6 12.Bb3 c5 13.dxe5 Nxe5 14.Nxe5 Bxe5 15.f4 Bc7
16.h3 b5 17.Qe2 c4 18.Bc2 Nd5 19.e4 Bb6+ 20.Kh1 Nb4 21.Qd1  1/2-1/2

[Event "XXXV Open"]
[Site "Badalona ESP"]
[Date "2009.08.06"]
[Round "6"]
[White "Almeida Quintana,O"]
[Black "Panelo,M"]
[Result "1-0"]
[WhiteElo "2524"]
[BlackElo "2425"]

1.d4 d5 2.Nf3 Nf6 3.c4 c6 4.Nc3 e6 5.e3 Nbd7 6.Qc2 Bd6 7.Bd3 O-O 8.O-O e5
9.cxd5 cxd5 10.e4 exd4 11.Nxd5 Nxd5 12.exd5 h6 13.h3 Ne5 14.Nxd4 Bxh3 15.gxh3 Qh4
16.Bh7+ Kh8 17.Qe4 Qxh3 18.Bf5 Qh5 19.Kg2 g6 20.Rh1 gxf5 21.Rxh5 fxe4 22.Rxh6+ Kg7
23.Nf5+  1-0

[Event "FSGM August"]
[Site "Budapest HUN"]
[Date "2009.08.06"]
[Round "6"]
[White "Boros,De"]
[Black "Zherebukh,Y"]
[Result "0-1"]
[WhiteElo "2485"]
[BlackElo "2541"]

1.Nf3 d5 2.d4 Nf6 3.c4 c6 4.Nc3 e6 5.e3 Nbd7 6.Bd2 a6 7.a4 Bb4 8.Bd3 O-O
9.O-O Qe7 10.Re1 dxc4 11.Bxc4 e5 12.Qb3 Bd6 13.Qc2 e4 14.Ng5 Nb6 15.Ba2 Bxh2+
16.Kxh2 Ng4+ 17.Kg1 Qxg5 18.Qxe4 Qh4 19.Qf4 Be6 20.e4 Bxa2 21.Rxa2 Rad8 22.Ne2 Rfe8
23.Ba5 Rxe4 24.Qxe4 Qxf2+ 25.Kh1 Qh4+ 26.Kg1 Nc4 27.Ng3 g6 28.Qf4 Nxa5 29.Ra3 Nc4
30.Rf3 f5 31.Re6 Rf8 32.b3 Nb6 33.Qc7 Nd5 34.Qxb7 Nf4 35.Rxf4 Qxg3 36.Rxg4 fxg4
37.Qxc6 Qf2+ 38.Kh2 Qh4+ 39.Kg1 g3  0-1

[Event "110th US Open"]
[Site "Indianapolis USA"]
[Date "2009.08.06"]
[Round "6"]
[White "Yermolinsky,A"]
[Black "Mulyar,M"]
[Result "1-0"]
[WhiteElo "2527"]
[BlackElo "2390"]

1.d4 d5 2.c4 c6 3.Nf3 Nf6 4.Nc3 e6 5.e3 Nbd7 6.Qc2 Bd6 7.g4 dxc4 8.Bxc4 e5
9.g5 Nd5 10.Bd2 exd4 11.Qe4+ Qe7 12.Qxd4 Ne5 13.Nxe5 Bxe5 14.Nxd5 cxd5 15.Bb5+ Kf8
16.Qxd5 Bxb2 17.Rb1 Be6 18.Qe4 Ba3 19.Bc4 Bxc4 20.Qxc4 h6 21.g6 fxg6 22.Rg1 Rd8
23.Rxg6 Qf7 24.Rg4 Qxc4 25.Rxc4 b6 26.Ra4 Bc5 27.Rxa7 Kg8 28.Bc3 Rh7 29.Rd1 Rc8
30.Rdd7 Bf8 31.Kd2 b5 32.Bd4 h5 33.h4 Rh6 34.Bxg7 Rg6 35.Bd4  1-0

[Event "Open"]
[Site "Ptuj SLO"]
[Date "2009.08.06"]
[Round "6"]
[White "Podkriznik,G"]
[Black "Belsak,Z"]
[Result "1/2-1/2"]
[WhiteElo "2386"]
[BlackElo "2030"]

1.d4 Nf6 2.c4 e6 3.Nf3 d5 4.Nc3 c6 5.e3 Nbd7 6.Qc2 Bd6 7.Bd3 O-O 8.O-O b6
9.e4 dxe4 10.Nxe4 Qc7 11.Nxd6 Qxd6 12.Be3 c5 13.Rad1 Qc7 14.d5 Bb7 15.Rfe1 exd5
16.cxd5 h6 17.Bc4 a6 18.a4 b5 19.axb5 axb5 20.Bxb5 Bxd5 21.Qf5 Be6 22.Qf4 Qb7
23.Bxd7 Nxd7 24.Ne5  1/2-1/2

[Event "Arctic Chess Challenge"]
[Site "Tromso NOR"]
[Date "2009.08.06"]
[Round "6"]
[White "Steinskog,A"]
[Black "Kvisla,J"]
[Result "1/2-1/2"]
[WhiteElo "1791"]
[BlackElo "2222"]

1.d4 d5 2.c4 c6 3.Nf3 e6 4.Nc3 Nf6 5.e3 Nbd7 6.Qc2 Bd6 7.Bd3 O-O 8.O-O dxc4
9.Bxc4 a6 10.Bd3 c5 11.Ne4 Nxe4 12.Bxe4 f5 13.Bd3 b5 14.b3 Bb7 15.e4 cxd4
16.Nxd4 fxe4 17.Bxe4 Qh4 18.f4 Rac8 19.Qe2 Bxe4 20.Qxe4 Nc5 21.Qe2 Rce8 22.g3 Qh3
23.Bb2 Nd7 24.Nc6 Nf6 25.Ne5 Nd5 26.Rac1 Rc8 27.Ng4 Rce8 28.Ne5 Bxe5 29.Qxe5 Rf7
30.f5 Nf6 31.fxe6 Qxe6 32.Qxe6 Rxe6 33.Bxf6 Rfxf6 34.Rxf6 gxf6 35.Kf2 Kf7
36.Rc8 Kg6 37.Rc5 f5 38.Rd5 Rc6 39.Rd2 Kf6 40.Kf3 Re6 41.Kf4 Re4+ 42.Kf3 a5
43.Rd6+ Ke5 44.Ra6 a4 45.Ra5 axb3  1/2-1/2

[Event "FSIMB August"]
[Site "Budapest HUN"]
[Date "2009.08.07"]
[Round "7"]
[White "Kislik,E"]
[Black "Balazs,G2"]
[Result "1-0"]
[WhiteElo "2342"]
[BlackElo "2277"]

1.Nf3 d5 2.c4 c6 3.d4 Nf6 4.Nc3 e6 5.e3 Nbd7 6.Qc2 Bd6 7.b3 O-O 8.Be2 Re8
9.O-O dxc4 10.bxc4 e5 11.h3 exd4 12.exd4 Nf8 13.Bd3 Ne6 14.Ne2 Qa5 15.Bd2 Qh5
16.Ng3 Bxg3 17.fxg3 c5 18.g4 Nxg4 19.hxg4 Qxg4 20.Rae1 Rd8 21.Bxh7+ Kf8 22.d5 Nf4
23.Bxf4 Qxf4 24.Qe2 Qd6 25.Ne5 f6 26.Ng6+ Kf7 27.Qe7+ Qxe7 28.Rxe7+  1-0

[Event "Arctic Chess Challenge"]
[Site "Tromso NOR"]
[Date "2009.08.08"]
[Round "8"]
[White "Amberger,D"]
[Black "Van den Bersselaar,J"]
[Result "0-1"]
[WhiteElo "2057"]
[BlackElo "2184"]

1.d4 d5 2.c4 e6 3.Nc3 c6 4.e3 Nf6 5.Nf3 Nbd7 6.Bd3 dxc4 7.Bxc4 b5 8.Bd3 a6
9.e4 c5 10.e5 cxd4 11.Nxb5 Ng4 12.Nbxd4 Bb7 13.Qa4 Qb6 14.O-O Bc5 15.Be3 Nxe3
16.fxe3 h6 17.Rac1 Rd8 18.Rc3 O-O 19.Rfc1 Bxf3 20.Rb3 Qa7 21.gxf3 Nxe5 22.Kg2 a5
23.Nb5 Qe7 24.Qe4 Qg5+ 25.Kf2 Nxd3+ 26.Rxd3 Bxe3+ 27.Rxe3 Rd2+ 28.Ke1 Rxh2
29.Qd3 Qg1+  0-1

[Event "110th US Open"]
[Site "Indianapolis USA"]
[Date "2009.08.09"]
[Round "9"]
[White "Holt,C"]
[Black "Chen,H"]
[Result "1-0"]
[WhiteElo "2303"]
[BlackElo "2201"]

1.d4 d5 2.c4 e6 3.Nc3 c6 4.e3 Nf6 5.Nf3 Nbd7 6.Bd3 dxc4 7.Bxc4 b5 8.Bd3 Bd6
9.e4 e5 10.O-O O-O 11.Bg5 h6 12.Bh4 exd4 13.Nxd4 Qc7 14.Rc1 a6 15.Nce2 Bxh2+
16.Kh1 Ng4 17.Nxc6 Qb6 18.Ne7+ Kh8 19.Nd5 Qb8 20.f3 Nge5 21.f4 Ng4 22.Nd4 Nb6
23.Rxc8 Qxc8 24.Nxb6 Qc5 25.Qxg4 Qxb6 26.Nf5 Qg6 27.Qh3  1-0

[Event "Pan-American Teams"]
[Site "Mendes BRA"]
[Date "2009.08.09"]
[Round "1"]
[White "Flores,Di"]
[Black "Munoz,Li"]
[Result "1-0"]
[WhiteElo "2579"]
[BlackElo "2391"]

1.c4 c6 2.Nf3 d5 3.e3 Nf6 4.Nc3 e6 5.d4 Nbd7 6.Bd3 dxc4 7.Bxc4 b5 8.Bd3 Bb7
9.O-O Bd6 10.a3 O-O 11.b4 Qe7 12.e4 e5 13.Ne2 a5 14.Rb1 axb4 15.axb4 Rfd8
16.Ng3 g6 17.Bg5 exd4 18.Re1 Bxb4 19.e5 Bxe1 20.exf6 Bxf2+ 21.Kxf2 Nxf6 22.Kg1 Qd6
23.Qd2 c5 24.Bf1 Ng4 25.Bxd8 Qxd8 26.Qf4 Ne3 27.Ne4 f5 28.Nd6 Ra2 29.Be2 Nxg2
30.Bxb5 Bd5 31.Be2  1-0

[Event "IMB"]
[Site "Olomouc CZE"]
[Date "2009.08.09"]
[Round "5"]
[White "Porat,Ma"]
[Black "Antipov,M2"]
[Result "1/2-1/2"]
[WhiteElo "2221"]
[BlackElo "2191"]

1.d4 d5 2.c4 c6 3.Nf3 Nf6 4.Nc3 e6 5.e3 Nbd7 6.Bd3 dxc4 7.Bxc4 b5 8.Bd3 Bb7
9.O-O a6 10.e4 c5 11.d5 c4 12.Bc2 Nc5 13.Qe2 Qc7 14.d6 Qb6 15.e5 Nfd7 16.Be3 Qc6
17.Bxc5 Nxc5 18.Rfe1 O-O-O 19.Ne4 Nxe4 20.Bxe4 Qxe4 21.Qxe4 Bxe4 22.Rxe4 f6
23.a4 Kb7 24.axb5 axb5 25.Nd4 fxe5 26.Rxe5 Rxd6 27.Rxb5+ Rb6 28.Rba5 Rxb2
29.Ra7+ Kb6 30.R1a6+ Kc5 31.Nxe6+ Kb4 32.g3 c3 33.Ra4+ Kb5 34.Nd4+ Kb6 35.R7a6+ Kb7
36.Ra7+ Kb6 37.R4a6+ Kc5 38.Ne6+ Kc4 39.Rc7+ Kd3 40.Rd7+ Kc2 41.Ra8 Kb1 42.Rd1+ Kc2
43.Rf1 Rb4 44.Nf4 Rxf4 45.gxf4 g6 46.Rfa1 Bg7 47.R8a2+ Kb3 48.Ra3+ Kc4 49.Ra4+ Kd3
50.Ra7 Bh6 51.Rd7+ Kc2 52.Ra4 Kb3 53.Rad4 Rc8 54.Ra7 Kc2 55.Rxh7 Bf8 56.Rhd7 Rb8
57.Rc4 Bb4 58.Rdc7 Kb2 59.R4c6 Rf8 60.Rxg6 Rxf4 61.Rgc6 Rh4 62.Kf1 Kc2 63.Rc4 Rxc4
64.Rxc4 Kd3 65.Rc8 c2 66.Rxc2 Kxc2 67.Ke2 Bd2 68.h4 Bc1 69.h5 Bh6 70.Kf3 Kd3
71.Kg4 Ke4 72.f3+ Ke5 73.f4+  1/2-1/2

[Event "Jubilee Open"]
[Site "Zuerich SUI"]
[Date "2009.08.10"]
[Round "2"]
[White "Avrukh,B"]
[Black "Berend,F"]
[Result "1-0"]
[WhiteElo "2641"]
[BlackElo "2354"]

1.d4 Nf6 2.c4 e6 3.Nf3 d5 4.Nc3 c6 5.e3 a6 6.c5 Nbd7 7.b4 g6 8.Bd3 Bg7 9.O-O O-O
10.Na4 a5 11.b5 Ne4 12.Bb2 f5 13.Qc2 g5 14.Ne5 Nxe5 15.dxe5 g4 16.f3 gxf3
17.gxf3 Ng5 18.Kh1 Kh8 19.Qg2 Rg8 20.Rg1 h6 21.Bd4 Bd7 22.Nc3 Qe8 23.bxc6 Bxc6
24.Be2 Qe7 25.Qg3 a4 26.Rg2 Nh7 27.Rag1 Nf8 28.Bd3 Nd7 29.Ne2 Nf8 30.Nf4 Be8
31.Qh3 Rd8 32.Bxf5 exf5 33.e6 Bxd4 34.Qxh6+  1-0

[Event "24th ICT Acropolis"]
[Site "Chalkida GRE"]
[Date "2009.08.11"]
[Round "2"]
[White "Lomineishvili,M"]
[Black "Malikentzos,S"]
[Result "1/2-1/2"]
[WhiteElo "2427"]
[BlackElo "2148"]

1.d4 d5 2.c4 c6 3.Nc3 Nf6 4.e3 e6 5.Nf3 Nbd7 6.Bd3 dxc4 7.Bxc4 b5 8.Bd3 a6
9.a4 b4 10.Ne4 c5 11.Nxf6+ Nxf6 12.dxc5 Bxc5 13.Qe2 Bb7 14.e4 Qb6 15.O-O Rc8
16.b3 O-O 17.Bb2 Rfd8 18.Rad1 Nd7 19.Nd2 e5 20.Nc4 Qc7 21.Kh1 f6 22.Rc1 Bd4
23.Bxd4 exd4 24.f4 Nc5 25.e5 Nxd3 26.Qxd3 fxe5 27.fxe5 Bd5 28.Rfe1 Qf7 29.Kg1 Bxc4  1/2-1/2

[Event "5th FIDE GP"]
[Site "Jermuk ARM"]
[Date "2009.08.11"]
[Round "3"]
[White "Ivanchuk,V"]
[Black "Leko,P"]
[Result "1/2-1/2"]
[WhiteElo "2703"]
[BlackElo "2756"]

1.Nf3 Nf6 2.c4 e6 3.Nc3 d5 4.d4 c6 5.e3 Nbd7 6.Qc2 Bd6 7.g4 h6 8.h3 e5 9.Bd2 O-O
10.cxd5 cxd5 11.Nb5 Bb8 12.Bb4 Re8 13.Rc1 Ne4 14.Be2 exd4 15.Nbxd4 Ne5 16.Nd2 Bd7
17.Qb3 Nc6 18.Nxc6 Bxc6 19.Nxe4 dxe4 20.Bc3 Be5 21.O-O h5 22.f4 exf3 23.Bxf3 Qc7
24.Bxc6 bxc6 25.Bxe5 Rxe5 26.Rf4 Rae8 27.Rcf1 R8e7 28.R1f3 Rd5 29.Kg2 Rd2+
30.Rf2 Rxf2+ 31.Kxf2 g5 32.Rf5 Qh2+ 33.Ke1 Qg3+ 34.Ke2 Qg2+ 35.Ke1 Qg1+ 36.Ke2 Qh2+
37.Ke1 Qg3+ 38.Ke2  1/2-1/2

[Event "59th ch-HUN"]
[Site "Szeged HUN"]
[Date "2009.08.11"]
[Round "3"]
[White "Berkes,F"]
[Black "Ruck,R1"]
[Result "1-0"]
[WhiteElo "2647"]
[BlackElo "2561"]

1.d4 d5 2.c4 c6 3.Nc3 Nf6 4.e3 e6 5.Nf3 Nbd7 6.Qc2 Bd6 7.Bd3 O-O 8.O-O dxc4
9.Bxc4 a6 10.a4 c5 11.dxc5 Bxc5 12.Ne4 Nxe4 13.Qxe4 Nf6 14.Qh4 b6 15.b4 Be7
16.Bb2 Bb7 17.Rfd1 Nd5 18.Qg3 Bf6 19.Ne5 Qb8 20.f4 Nxb4 21.Nd7 Bxb2 22.Nxb8 Bxa1
23.Nd7 Rfd8 24.Qe1 Nc2 25.Qe2 Be4 26.Nxb6 Rab8 27.Nd7 Rbc8 28.Bxa6 Ra8 29.Nc5 Bg6
30.Bb7 Rab8 31.a5 Rxd1+ 32.Qxd1 Bf6 33.a6 Nxe3 34.a7  1-0

[Event "Abu Dhabi Festival Open"]
[Site "Abu Dhabi UAE"]
[Date "2009.08.12"]
[Round "1"]
[White "Galojan,L"]
[Black "Al Argha,Hi"]
[Result "1-0"]
[WhiteElo "2338"]
[BlackElo "2258"]

1.d4 d5 2.c4 e6 3.Nc3 c6 4.e3 Nf6 5.Nf3 Nbd7 6.Bd3 dxc4 7.Bxc4 b5 8.Bd3 a6
9.e4 c5 10.e5 cxd4 11.Ne4 Nd5 12.O-O Nc5 13.Bg5 Qb6 14.Nxd4 Bb7 15.Nxc5 Bxc5
16.Nb3 Be7 17.Bxe7 Kxe7 18.Qg4 Rag8 19.Be4 h5 20.Qg5+ f6 21.Qd2 Rd8 22.Rfe1 Kf7
23.Rac1  1-0

[Event "24th ICT Acropolis"]
[Site "Chalkida GRE"]
[Date "2009.08.12"]
[Round "3"]
[White "Koneru,H"]
[Black "Kapnisis,S"]
[Result "1/2-1/2"]
[WhiteElo "2623"]
[BlackElo "2464"]

1.d4 d5 2.c4 e6 3.Nc3 c6 4.e3 Nf6 5.Nf3 Nbd7 6.Qc2 Bd6 7.Bd3 O-O 8.O-O dxc4
9.Bxc4 b5 10.Be2 Bb7 11.e4 e5 12.Rd1 Qb8 13.g3 exd4 14.Nxd4 g6 15.Bf3 Re8
16.Bg5 b4 17.Na4 c5 18.Bxf6 Nxf6 19.Nxc5 Bxc5 20.Qxc5 Bxe4 21.Rac1 Qb7 22.Bxe4 Nxe4
23.Qc6 Qe7 24.Nf3 a5 25.Rd4 Qf6 26.Kg2 Rad8 27.Qb5 Re6 28.Rcd1 Rde8 29.Rf1 g5
30.h3 h5 31.Rd5 g4 32.hxg4 hxg4 33.Nd4 Re5 34.Qxa5 Rxd5 35.Qxd5 Nd2 36.Qd7 Rd8
37.Qxg4+ Kf8 38.Nf5 Nxf1 39.Qxb4+ Kg8 40.Qg4+ Kf8 41.Kxf1 Qxb2 42.Kg2 Rd2
43.Qf4 Qb7+ 44.Kh2 Qb2 45.Kg2 Qb7+ 46.Kh3 Qb2 47.Qh6+ Ke8 48.Qc6+ Kd8 49.Nd6 Qxa2
50.Qe8+ Kc7 51.Qe7+ Kc6 52.Nxf7 Rxf2 53.Ne5+ Kd5 54.Nd3 Rh2+ 55.Kg4 Kd4 56.Nf4 Qg8+
57.Kf3 Qa8+ 58.Kg4 Qg8+ 59.Kf3 Qa8+  1/2-1/2